00812 2200301 4500001002100000005001500021035002000036006001800056007000300074008004100077040002600118082001200144084001400156090001600170100001700186245006500203260006500268300002800333650001300361650001200374700002100386250002400407500001100431500003000442850001200472041000800484990001800492INLISM0000000004006220180716044321 a0010-0718000430a 00| |ta061218s1945 ne 00| | dut | aJKPNPNAbinddYOPDYOG04223a332 a332 KOR m aL 332 KOR m1 aKorteweg, S.14aHet moderne geldwezen /cdoor S.Korteweg en F. A. G. Keesing3 aAmsterdam :bNoord-Hollandsche Uitgevers Maatschappij,c1950 ax, 398 halaman ;c24 cm 4aKeuangan 4aEkonomi1 aKeesing, F. A. G aEdisi ketiga revisi aIndeks aTeks dalam bahasa Belanda aYOPDYOG0 adut a59371-PD/A.18